000
00282nam a22001337a 4500
003
SGT
082
_a
370
_b
V11V
100
_a
VANAJA, M.
245
_a
VALUE ORIENTED EDUCATION
260
_a
NEW DELHI
_b
NEELKAMAL PUB
_c
2011
300
_a
368
650
_a
EDUCATION
942
_2
ddc
_c
BK
999
_c
12404
_d
12404